LEADER 03310nam 2200433 450 001 9910796417003321 005 20240125020117.0 035 $a(CKB)3810000000344532 035 $a(MiAaPQ)EBC5331682 035 $a(BIP)061315886 035 $a(NjHacI)993810000000344532 035 $a(EXLCZ)993810000000344532 100 $a20240125d2018 uy 0 101 0 $aeng 135 $aur||||||||||| 181 $ctxt$2rdacontent 182 $cc$2rdamedia 183 $acr$2rdacarrier 200 00$aAesthetic Experience and Somaesthetics /$fedited by Richard Shusterman 210 1$aLeiden :$cBrill,$d2018. 215 $a1 online resource (XII, 220 p.) $cill 225 0 $aStudies in Somaesthetics ;$vVolume 1 311 $a90-04-34769-0 327 $aIntro; Aesthetic Experience and Somaesthetics; Copyright; Contents; Acknowledgments; List of Illustrations; Notes on Contributors; Introduction: Aesthetic Experience and Somaesthetics; Part 1: Embodiment in Philosophy and Aesthetic Experience; 1 Nietzsche on Embodiment: A Proto-somaesthetics?; 2 Experience and Aesthetics; 3 Art as Experience: Gadamer and Pragmatist Aesthetics; Part 2: Somaesthetic Approaches to the Fine Arts; 4 Olafur Eliasson, Art as Embodied and Interdisciplinary Experience: In Dialogue with Else Marie Bukdahl; 5 Winckelmann's Haptic Gaze: A Somaesthetic Interpretation 6 Rethinking Aesthetics through Architecture?7 "The Co-Presence of Something Regular": Wordsworth's Aesthetics of Prosody; 8 Singing, Listening, Proprioceiving: Some Reflections on Vocal Somaesthetics; Part 3: Somaesthetics in the Photographic Arts and the Art of Living; 9 Spectral Absence and Bodily Presence: Performative Writings on Photography; 10 Cosmetic Practices: The Intersection with Aesthetics and Medicine; 11 Santayana on Embodiment, the Art of Living, and Sexual Aesthetics; 12 Thinking through the Body of Maya: Somaesthetic Frames from Mira Nair's Kamasutra; Name Index --. 330 8 $aThis collection of essays explores the crucial connections between aesthetic experience and the interdisciplinary field of somaesthetics, while further advancing inquiry in both. After the editor's introduction and three articles examining philosophical accounts of embodiment and aesthetic experience in existentialism, phenomenology, hermeneutics, and pragmatism, the book's nine remaining articles apply somaesthetic theory to the fine arts (including detailed studies of the body's role in painting, sculpture, architecture, poetry, music, photography, and cinema) but also to diverse arts of living, considering such topics as cosmetics and sexual practice. These interdisciplinary, multicultural essays are written by a distinctively international group of experts, ranging from Asia (China and India) to Europe (Denmark, Finland, Hungary, and Italy) and the United States. 606 $aAesthetics$xPhysiological aspects 606 $aExperience 606 $aHuman body (Philosophy) 615 0$aAesthetics$xPhysiological aspects. 615 0$aExperience. 615 0$aHuman body (Philosophy) 676 $a128.4 702 $aShusterman$b Richard 801 0$bNjHacI 801 1$bNjHacl 906 $aBOOK 912 $a9910796417003321 996 $aAesthetic Experience and Somaesthetics$93727939 997 $aUNINA LEADER 00980nam 2200301z- 450 001 9910714025903321 005 20241218122546.0 035 $a(CKB)5450000000390336 035 $a(DcWaBHL)176658 035 $a(EXLCZ)995450000000390336 100 $a20240129c1985uuuu -u- - 101 0 $aeng 200 10$aDistribution of recent benthic foraminifera off the North American Pacific Coast from Oregon to Alaska 210 1$aCity of Washington$cSmithsonian Institution Press$d1985 215 $a1 online resource 606 $aForaminifera 606 $aGeographical distribution 606 $aProtozoa 610 5$aPacific Coast (B.C.) 610 5$aPacific Coast (U.S.) 615 4$aForaminifera 615 4$aGeographical distribution 615 4$aProtozoa 801 0$bDLC 906 $aBOOK 912 $a9910714025903321 996 $aDistribution of recent benthic foraminifera off the North American Pacific coast from Oregon to Alaska$93876673 997 $aUNINA